Coping With Extreme Environments: A Physiological/Psychological Approach (Record no. 23101)
[ view plain ]
| 000 -LEADER | |
|---|---|
| fixed length control field | 00700nam a2200145Ia 4500 |
| 008 - FIXED-LENGTH DATA ELEMENTS--GENERAL INFORMATION | |
| fixed length control field | 220620s9999||||xx |||||||||||||| ||und|| |
| 020 ## - INTERNATIONAL STANDARD BOOK NUMBER | |
| International Standard Book Number | 9782890000000 |
| 022 ## - INTERNATIONAL STANDARD SERIAL NUMBER | |
| International Standard Serial Number | 16648714 |
| 245 #0 - TITLE STATEMENT | |
| Title | Coping With Extreme Environments: A Physiological/Psychological Approach |
| 546 ## - LANGUAGE NOTE | |
| Language note | English[eng] |
| 650 ## - SUBJECT ADDED ENTRY--TOPICAL TERM | |
| Topical term or geographic name entry element | Unsteady states||Physiological challenges||Hyperbaric||temperature||Diving||Parabolic flights||stress||coping||Learning||Oxygen |
| 700 ## - ADDED ENTRY--PERSONAL NAME | |
| Personal name | Balestra, Costantino||Kot, Jacek||Efrati, Shai||Guerrero, François||Blatteau, Jean-Eric||Besnard, Stéphane |
| 856 ## - ELECTRONIC LOCATION AND ACCESS | |
| Uniform Resource Identifier | <a href="https://www.frontiersin.org/research-topics/5814/extreme-environments-in-movement-science-and-sport-psychology">https://www.frontiersin.org/research-topics/5814/extreme-environments-in-movement-science-and-sport-psychology</a> |
| 942 ## - ADDED ENTRY ELEMENTS (KOHA) | |
| Koha item type | E-Books |
| Withdrawn status | Lost status | Damaged status | Not for loan | Home library | Current library | Date acquired | Total Checkouts | Date last seen | Price effective from | Koha item type |
|---|---|---|---|---|---|---|---|---|---|---|
| Kerala University of Digital Sciences, Innovation and Technology Knowledge Centre | Kerala University of Digital Sciences, Innovation and Technology Knowledge Centre | 20/06/2022 | 20/06/2022 | 20/06/2022 | E-Books |